书目信息 |
| 题名: |
住宅制造
|
|
| 作者: | 亚历山大 著 ;高灵英 译 | |
| 分册: | ||
| 出版信息: | 北京 知识产权出版社 2002.05 |
|
| 页数: | 320页 | |
| 开本: | 20cm | |
| 丛书名: | ||
| 单 册: | ||
| 中图分类: | TU , TU241 | |
| 科图分类: | ||
| 主题词: | 民用建筑--建筑设计 | |
| 电子资源: | ||
| ISBN: | 7-80011-702-2 | |
| 000 | 00619nam0 2200205 45 | |
| 001 | 0330472289 | |
| 005 | 2003032908275216 | |
| 010 | @a7-80011-702-2@dRMB 42.00 | |
| 100 | @a20030329d2002 km y0chiy0120 ea | |
| 101 | 0 | @achi |
| 200 | 1 | @a住宅制造@Azhu zhai zhi zao@f(美)亚历山大等著;高灵英译@F(mei)ya li shan da deng zhu;gao ling ying yi |
| 210 | @a北京@c知识产权出版社@d2002.05 | |
| 215 | @a320页@d20cm | |
| 606 | 0 | @a民用建筑@x建筑设计 |
| 690 | @aTU@v3 | |
| 690 | @aTU241@v4 | |
| 701 | 0 | @a亚历山大@Aya li shan da@4著 |
| 702 | 0 | @a高灵英@Agao ling ying@4译 |
| 801 | 0 | @aCN@bPFT@c20030329 |
| 905 | @a10447@dTU241@eY020 | |
| 住宅制造/(美)亚历山大等著;高灵英译.-北京:知识产权出版社,2002.05 |
| 320页;20cm |
| ISBN 7-80011-702-2:RMB 42.00 |
| ● |
| 相关链接 |
|
|
|
正题名:住宅制造
索取号:TU241/Y020
 
预约/预借
| 序号 | 登录号 | 条形码 | 馆藏地/架位号 | 状态 | 备注 |
| 1 | 367353 | 203673532 | 建筑库101/101建筑库 59排3列1层/ [索取号:TU241/Y020] | 在馆 | |
| 2 | 367354 | 203673541 | 建筑库101/101建筑库 59排3列1层/ [索取号:TU241/Y020] | 在馆 |